[Event "Sivas op 1st"]
[Site "Sivas"]
[Date "2019.08.20"]
[Round "3"]
[White "Karahan, Anil"]
[Black "Karimov, Joshgun Telman Oglu"]
[Result "1-0"]
[WhiteElo "1721"]
[BlackElo "1719"]
[PlyCount "91"]
[EventDate "2019.08.19"]
[EventType "swiss"]
[EventRounds "9"]
[EventCountry "TUR"]
[SourceTitle "EXT 2020"]
[Source "ChessBase"]
[SourceDate "2019.10.17"]
[SourceVersion "1"]
[SourceVersionDate "2019.10.17"]
[SourceQuality "1"]

1. d4 Nf6 2. Nf3 b5 3. e4 Nxe4 4. Bxb5 Bb7 5. Qe2 e6 6. 0-0 Be7 7. Nbd2 Nxd2 8. Bxd2 0-0 9. Rfe1 d6 10. c4 c6 11. Ba4 Nd7 12. b4 Bf6 13. Rab1 a6 14. Bf4 Be7 15. Bb3 Re8 16. Qd2 Nf8 17. Ba4 Nd7 18. Rec1 Rc8 19. Bc2 Nf8 20. a4 Ng6 21. Bg3 Ba8 22. c5 d5 23. Bd3 Bb7 24. Qe2 Ra8 25. b5 axb5 26. axb5 Bf6 27. b6 Qd7 28. Qb2 Rec8 29. Ra1 Rxa1 30. Rxa1 Ra8 31. Rxa8+ Bxa8 32. Qa3 Bb7 33. Qa7 Qc8 34. Bxg6 hxg6 35. Be5 Kf8 36. Bxf6 gxf6 37. h3 Qa8 38. Qxa8+ Bxa8 39. Nd2 Ke8 40. Nb3 Kd7 41. Na5 Kc8 42. Kf1 e5 43. Ke2 e4 44. Ke3 f5 45. Kf4 f6 46. g4 1-0